|
|
|
|
| LEADER |
01038nam a22002892a 4500 |
| 001 |
001232794 |
| 003 |
CZ BrMZK |
| 005 |
20180724123300.0 |
| 007 |
ta |
| 008 |
120720s1977 xr er 000 0 cze d |
| 040 |
|
|
|a BOA001
|b cze
|
| 072 |
|
7 |
|a 631
|x Zemědělství. Pedologie. Agrotechnika. Agroekologie
|2 Konspekt
|9 24
|
| 080 |
|
|
|a 631.8
|2 MRF
|
| 080 |
|
|
|a (048.8:082)
|2 MRF
|
| 100 |
1 |
|
|a Novotný, Karel
|4 aut
|
| 245 |
1 |
0 |
|a Plány hnojení /
|c odpovědný řešitel Karel Novotný
|
| 250 |
|
|
|a 3., upr. vyd.
|
| 260 |
|
|
|a Praha :
|b Státní zemědělské nakladatelství,
|c 1977
|
| 300 |
|
|
|a 217 s.
|
| 490 |
1 |
|
|a Automatizovaný informační systém okresu Praha-východ ;
|v 5/1977
|
| 650 |
0 |
7 |
|a hnojení
|7 ph120767
|2 czenas
|
| 655 |
|
7 |
|a kolektivní monografie
|7 fd501537
|2 czenas
|
| 830 |
|
0 |
|a Automatizovaný informační systém okresu Praha-východ
|
| 910 |
|
|
|a BOA001
|b 2-0747.667-77
|
| 990 |
|
|
|a BK
|
| 991 |
|
|
|b 201207
|
| 996 |
6 |
|
|b 2619561612
|c 2-0747.667-77
|l Sklad H1
|r Sklad / do 24 hodin
|n 0
|h HS 212
|w 001266580
|u 000010
|a 1
|e BOA001
|j MZK50
|s P
|